| 000 | 00622nam a2200229 a 4500 | ||
|---|---|---|---|
| 001 | 000016595 | ||
| 003 | DO-SdBNP | ||
| 005 | 20230214105551.0 | ||
| 007 | ta | ||
| 008 | 100308e1984 dr gr 001 0 spa d | ||
| 040 |
_aDO-SdBNP _bspa _cBNPHU |
||
| 082 | 4 |
_bG821g _222 |
|
| 100 | 1 |
_aGregorio, José A. _936885 |
|
| 245 | 1 | 0 |
_aGuía de auditoría / _cJosé A. Gregorio. |
| 260 |
_aSanto Domingo : _bAlfa y Omega, _c1984 |
||
| 300 |
_a473 p. ; _c21 cm |
||
| 500 | _aIncluye notas al pie de páginas | ||
| 590 | _aInventariado 2023 / MF | ||
| 650 | 4 |
_968100 _aAuditoría _vGuías |
|
| 910 | _aMFeliz | ||
| 942 |
_2ddc _cLBS1 |
||
| 999 |
_c16128 _d16128 |
||